[Event "Francophonie-ch"]
[Site "Menton FRA"]
[Date "2016.10.25"]
[Round "3.7"]
[White "Lesiege, Alexandre"]
[Black "Pottier, Alexandre"]
[Result "1-0"]
[WhiteElo "2521"]
[BlackElo "2138"]
[WhiteFideId "-1"]
[WhiteFideId "-1"]
[PlyCount "67"]
[GameId "2130307638847575"]
[EventDate "2016.10.23"]
[EventType "swiss"]
[EventRounds "9"]
[EventCountry "FRA"]
[SourceTitle "10 Days #487"]
[Source "Chess Mix"]

1. d4 c6 2. c4 Na6 3. Nc3 d6 4. g3 Nf6 5. Bg2 Nc7 6. e4 Rb8 7. Nge2 Be6 8. d5 Bd7 9. O-O g6 10. Bf4 e5 11. dxe6 Bxe6 12. b3 Be7 13. Qd2 Qd7 14. Rad1 Rd8 15. Qb2 Qc8 16. Qa3 Na6 17. Bxd6 Rxd6 18. Rxd6 Qc7 19. Rfd1 O-O 20. c5 Bxd6 21. cxd6 Qb6 22. h3 Nh5 23. e5 Nb8 24. g4 Ng7 25. Ne4 Ne8 26. Nc5 Nd7 27. Nxd7 Bxd7 28. Nc3 a6 29. Ne4 f5 30. Qc5 Qd8 31. Qc4+ Kh8 32. Nc5 Ng7 33. e6 b5 34. Qd4 1-0

[Event "Francophonie-ch"]
[Site "Menton FRA"]
[Date "2016.10.25"]
[Round "4.6"]
[White "Brih, Said"]
[Black "Lesiege, Alexandre"]
[Result "0-1"]
[WhiteElo "2319"]
[BlackElo "2521"]
[WhiteFideId "-1"]
[WhiteFideId "-1"]
[PlyCount "80"]
[GameId "2130307638847581"]
[EventDate "2016.10.23"]
[EventType "swiss"]
[EventRounds "9"]
[EventCountry "FRA"]
[SourceTitle "10 Days #487"]
[Source "Chess Mix"]

1. e4 e5 2. Nf3 Nc6 3. Bc4 Nf6 4. d3 Be7 5. Nc3 d6 6. h3 O-O 7. Be3 Na5 8. Bb3 Nxb3 9. axb3 b6 10. Bg5 Bb7 11. Bxf6 Bxf6 12. Qe2 a5 13. O-O g6 14. Rad1 Bg7 15. Rfe1 c5 16. Nd5 Bxd5 17. exd5 f5 18. c3 b5 19. Nh2 Qd7 20. f3 Qb7 21. c4 Rfb8 22. Rd2 Bh6 23. Rc2 a4 24. bxa4 Rxa4 25. g3 Rb4 26. f4 bxc4 27. dxc4 e4 28. Rb1 Qg7 29. Nf1 Rb3 30. Kh1 Qd4 31. Rd2 Qf6 32. Ne3 Bg7 33. Kg2 Qf7 34. Kh2 Bd4 35. Nd1 Qg7 36. Rc2 g5 37. Qg2 Kh8 38. Ra1 Rd3 39. Nf2 Rf3 40. Ra3 gxf4 0-1

[Event "Francophonie-ch"]
[Site "Menton FRA"]
[Date "2016.10.26"]
[Round "5.4"]
[White "Lesiege, Alexandre"]
[Black "Di Paolo, Raffaele"]
[Result "0-1"]
[WhiteElo "2521"]
[BlackElo "2278"]
[WhiteFideId "-1"]
[WhiteFideId "-1"]
[PlyCount "72"]
[GameId "2130307638847586"]
[EventDate "2016.10.23"]
[EventType "swiss"]
[EventRounds "9"]
[EventCountry "FRA"]
[SourceTitle "10 Days #487"]
[Source "Chess Mix"]

1. Nf3 g6 2. d4 Nf6 3. c4 Bg7 4. Nc3 O-O 5. e4 d6 6. Be2 e5 7. O-O Nc6 8. d5 Ne7 9. Ne1 Nd7 10. Be3 f5 11. f3 f4 12. Bf2 g5 13. Rc1 Rf6 14. Nd3 Rh6 15. c5 Qe8 16. Nb5 Qh5 17. h4 gxh4 18. Kh2 Rg6 19. Rg1 Rg3 20. Nxc7 Nxc5 21. Nxc5 dxc5 22. Nxa8 Ng6 23. Qe1 Bf6 24. Kh1 Bg5 25. Rxc5 Bd7 26. Rc3 h3 27. Bxg3 hxg2+ 28. Kxg2 Qh3+ 29. Kf2 fxg3+ 30. Rxg3 Qh2+ 31. Kf1 Bh4 32. f4 exf4 33. Qf2 Bh3+ 34. Ke1 fxg3 35. Rc8+ Bxc8 36. Nc7 Bh3 0-1

[Event "Francophonie-ch"]
[Site "Menton FRA"]
[Date "2016.10.29"]
[Round "8.6"]
[White "Miralles, Gilles"]
[Black "Lesiege, Alexandre"]
[Result "0-1"]
[WhiteElo "2413"]
[BlackElo "2521"]
[WhiteFideId "-1"]
[WhiteFideId "-1"]
[PlyCount "72"]
[GameId "2130307638851705"]
[EventDate "2016.10.23"]
[EventType "swiss"]
[EventRounds "9"]
[EventCountry "FRA"]
[SourceTitle "10 Days #487"]
[Source "Chess Mix"]

1. d4 d5 2. c4 dxc4 3. e3 e5 4. Bxc4 exd4 5. exd4 Bd6 6. Nf3 Nf6 7. O-O O-O 8. Nc3 Nc6 9. h3 h6 10. Be3 Bf5 11. Nh4 Bh7 12. Qf3 Bb4 13. Rad1 Na5 14. Bd3 Bxc3 15. bxc3 Qd5 16. Qg3 Bxd3 17. Rxd3 Ne4 18. Qxc7 Nc4 19. Rb1 Ned6 20. Nf3 Qf5 21. Rdd1 Rac8 22. Qe7 Rfe8 23. Qh4 Nxe3 24. fxe3 Rxc3 25. Rbc1 Rcxe3 26. Rc5 Qg6 27. Ne5 Qe6 28. Rf1 Re2 29. Rc7 Nf5 30. Qg4 Rxe5 31. dxe5 Qb6+ 32. Kh1 Qxc7 33. Rxf5 Rxe5 34. Rxe5 Qxe5 35. Qc8+ Kh7 36. Qxb7 Qa1+ 0-1

[Event "Francophonie-ch"]
[Site "Menton FRA"]
[Date "2016.10.30"]
[Round "9.2"]
[White "Amin, Bassem"]
[Black "Lesiege, Alexandre"]
[Result "1-0"]
[WhiteElo "2655"]
[BlackElo "2521"]
[WhiteFideId "-1"]
[WhiteFideId "-1"]
[PlyCount "69"]
[GameId "2130307638851708"]
[EventDate "2016.10.23"]
[EventType "swiss"]
[EventRounds "9"]
[EventCountry "FRA"]
[SourceTitle "10 Days #487"]
[Source "Chess Mix"]

1. Nf3 Nf6 2. g3 d5 3. Bg2 g6 4. O-O Bg7 5. d3 O-O 6. Nbd2 Nc6 7. c3 e5 8. e4 b6 9. Re1 dxe4 10. dxe4 a5 11. Bf1 Bb7 12. Qc2 Qc8 13. a4 h6 14. b3 Re8 15. Ba3 Bf8 16. Bxf8 Kxf8 17. Rad1 Kg7 18. Nc4 h5 19. Ng5 h4 20. Bh3 Qb8 21. Ne3 Rh8 22. Nd5 hxg3 23. fxg3 Nh7 24. Nf3 Nf8 25. Bf1 Nh7 26. Qf2 Re8 27. Bb5 Re6 28. Rf1 Nd8 29. Bc4 Ba6 30. h4 Bxc4 31. bxc4 f6 32. h5 g5 33. Nh2 Qb7 34. Qf5 Kh8 35. Ng4 1-0

[Event "Varennes"]
[Site "Varennes CAN"]
[Date "2016.10.07"]
[Round "1.2"]
[White "Lesiege, Alexandre"]
[Black "Turcotte, Jonathan"]
[Result "1-0"]
[WhiteElo "2566"]
[BlackElo "2119"]
[WhiteFideId "-1"]
[WhiteFideId "-1"]
[PlyCount "109"]
[GameId "2160767908554147"]
[EventDate "2016.10.07"]
[EventType "swiss"]
[EventRounds "5"]
[EventCountry "CAN"]
[SourceTitle "hb 2016"]

1. Nf3 d5 2. d4 Nf6 3. c4 c6 4. e3 Bf5 5. Nc3 e6 6. Nh4 Be4 7. f3 Bg6 8. Qb3 Qc7 9. Bd2 Nbd7 10. Rc1 Be7 11. g3 Qb6 12. Nxg6 hxg6 13. f4 Qxb3 14. axb3 Bb4 15. Bd3 Bxc3 16. Bxc3 Ne4 17. Ke2 Ndf6 18. Kf3 g5 19. fxg5 Nxg5+ 20. Kg2 Nge4 21. h3 Kf8 22. Bb4+ Kg8 23. Rhf1 g5 24. g4 Re8 25. Ra1 a6 26. Rf3 Rh7 27. Be1 Nd7 28. Bg3 Rg7 29. Bxe4 dxe4 30. Rff1 c5 31. Ra5 Rc8 32. Rd1 f6 33. Bd6 cxd4 34. Rxd4 Rc6 35. Bb4 Rb6 36. c5 Rb5 37. Rxb5 axb5 38. Rxe4 e5 39. Ba3 b6 40. Rb4 Nxc5 41. Rxb5 Nd7 42. Kf3 Kf7 43. Rd5 Ke8 44. b4 Rh7 45. Kg3 Kd8 46. b5 Kc7 47. Rd6 Kb7 48. Re6 Rh8 49. Rd6 Kc7 50. Rc6+ Kb7 51. Bd6 Rc8 52. Rxc8 Kxc8 53. Kf3 Nc5 54. Bxc5 bxc5 55. Ke4 1-0

[Event "Varennes"]
[Site "Varennes CAN"]
[Date "2016.10.08"]
[Round "2.2"]
[White "Libersan, Thierry"]
[Black "Lesiege, Alexandre"]
[Result "0-1"]
[WhiteElo "2204"]
[BlackElo "2566"]
[WhiteFideId "-1"]
[WhiteFideId "-1"]
[PlyCount "72"]
[GameId "2160767908554160"]
[EventDate "2016.10.07"]
[EventType "swiss"]
[EventRounds "5"]
[EventCountry "CAN"]
[SourceTitle "hb 2016"]

1. e4 e5 2. Nf3 Nc6 3. Bb5 a6 4. Ba4 Nf6 5. O-O Be7 6. Re1 b5 7. Bb3 d6 8. c3 O-O 9. h3 Nb8 10. d4 Nbd7 11. Nbd2 Bb7 12. Bc2 Re8 13. Nf1 Bf8 14. Ng3 g6 15. a4 c5 16. d5 c4 17. Nh2 h5 18. Bg5 Bg7 19. Nf3 Nc5 20. Be3 Nfd7 21. Nh2 Bf8 22. axb5 axb5 23. Rxa8 Bxa8 24. Nxh5 gxh5 25. Qxh5 Nf6 26. Qf3 Nh7 27. Qg3+ Kh8 28. Ng4 Bg7 29. f4 f5 30. exf5 Nd3 31. Rd1 e4 32. f6 Nxf6 33. Bd4 Nh5 34. Qe3 Bxd4 35. Qxd4+ Ng7 36. Nf6 Nf5 0-1

[Event "Varennes"]
[Site "Varennes CAN"]
[Date "2016.10.09"]
[Round "3.1"]
[White "Lesiege, Alexandre"]
[Black "Masse, Hugues"]
[Result "1-0"]
[WhiteElo "2566"]
[BlackElo "2317"]
[WhiteFideId "-1"]
[WhiteFideId "-1"]
[PlyCount "113"]
[GameId "2160767908554176"]
[EventDate "2016.10.07"]
[EventType "swiss"]
[EventRounds "5"]
[EventCountry "CAN"]
[SourceTitle "hb 2016"]

1. Nf3 Nf6 2. c4 c5 3. Nc3 Nc6 4. g3 d5 5. d4 e6 6. cxd5 Nxd5 7. Bg2 cxd4 8. Nxd4 Nxc3 9. bxc3 Nxd4 10. Qxd4 Qxd4 11. cxd4 Bb4+ 12. Bd2 Bxd2+ 13. Kxd2 Ke7 14. Rac1 Rd8 15. Rc7+ Rd7 16. Rhc1 Kd8 17. Rxd7+ Kxd7 18. f4 Rb8 19. d5 exd5 20. Bxd5 f6 21. Be4 h6 22. Bf5+ Kd8 23. g4 Bd7 24. Rc3 Bxf5 25. gxf5 Kd7 26. Kd3 Rd8 27. e4 Ke8+ 28. Ke3 Rd7 29. h4 Re7 30. h5 b6 31. Rc4 Kd8 32. Kd4 Rd7+ 33. Kc3 Ke8 34. Rc8+ Kf7 35. Kc4 a6 36. Ra8 Rc7+ 37. Kd3 Rd7+ 38. Ke3 a5 39. Rb8 Rd6 40. Rb7+ Kf8 41. a3 a4 42. e5 Rd1 43. Ke4 Ra1 44. Rb8+ Ke7 45. Rb7+ Kf8 46. Kd5 fxe5 47. fxe5 Rxa3 48. Ke6 Kg8 49. Rxb6 Rb3 50. Ra6 a3 51. Ra8+ Kh7 52. Kd6 Rd3+ 53. Ke7 Rf3 54. e6 Rxf5 55. Kd6 Rf3 56. e7 Rd3+ 57. Kc5 1-0

[Event "Varennes"]
[Site "Varennes CAN"]
[Date "2016.10.09"]
[Round "4.1"]
[White "Chiku-Ratte, Olivier-Kenta"]
[Black "Lesiege, Alexandre"]
[Result "1/2-1/2"]
[WhiteElo "2439"]
[BlackElo "2566"]
[WhiteFideId "-1"]
[WhiteFideId "-1"]
[PlyCount "110"]
[GameId "2160767908554193"]
[EventDate "2016.10.07"]
[EventType "swiss"]
[EventRounds "5"]
[EventCountry "CAN"]
[SourceTitle "hb 2016"]

1. d4 Nf6 2. c4 e6 3. Nc3 Bb4 4. f3 c5 5. d5 O-O 6. e4 d6 7. Nge2 b5 8. Nf4 exd5 9. cxd5 c4 10. a4 Nbd7 11. axb5 Ne5 12. Be3 Nfd7 13. Be2 Bc5 14. Qd2 Qb6 15. Bxc5 Nxc5 16. Qe3 Bd7 17. O-O Rfb8 18. Kh1 Nb3 19. Qxb6 Rxb6 20. Ra3 g6 21. Rd1 Nc5 22. Ra5 Rb7 23. g4 Rab8 24. Ng2 Bxb5 25. Ne3 Bd7 26. Nxc4 Nxc4 27. Bxc4 Rxb2 28. e5 Rc2 29. exd6 Rc8 30. Ra3 Na4 31. Ne4 R8xc4 32. Nf6+ Kg7 33. Nxd7 Re2 34. Ne5 Rcc2 35. Nd3 Rxh2+ 36. Kg1 Rcg2+ 37. Kf1 Rc2 38. Kg1 Rcg2+ 39. Kf1 Rc2 40. Kg1 Rhg2+ 41. Kh1 Nb6 42. d7 Rh2+ 43. Kg1 Rcg2+ 44. Kf1 Rc2 45. Kg1 Nxd7 46. Rxa7 Rcg2+ 47. Kf1 Ra2 48. Rxa2 Rxa2 49. Nf2 f5 50. gxf5 gxf5 51. Re1 Nf6 52. Re5 Kg6 53. Nh3 Ra4 54. Kf2 f4 55. Rg5+ Kf7 1/2-1/2

[Event "Varennes"]
[Site "Varennes CAN"]
[Date "2016.10.09"]
[Round "5.1"]
[White "Lesiege, Alexandre"]
[Black "Roussel-Roozmon, Thomas"]
[Result "1-0"]
[WhiteElo "2566"]
[BlackElo "2485"]
[WhiteFideId "-1"]
[WhiteFideId "-1"]
[PlyCount "49"]
[GameId "2160767908554209"]
[EventDate "2016.10.07"]
[EventType "swiss"]
[EventRounds "5"]
[EventCountry "CAN"]
[SourceTitle "hb 2016"]

1. d4 Nf6 2. c4 e6 3. g3 c5 4. d5 exd5 5. cxd5 d6 6. Nc3 g6 7. Bg2 Bg7 8. Nf3 O-O 9. O-O a6 10. a4 Nbd7 11. Bf4 Qe7 12. h3 Rb8 13. e4 Ne8 14. Re1 b5 15. axb5 axb5 16. Qe2 b4 17. Nb5 Rb6 18. Na7 Bb7 19. e5 dxe5 20. Nd2 Qd8 21. Be3 Nd6 22. Nc6 Qf6 23. Qg4 Nf5 24. Ne4 Nxe3 25. Qxd7 1-0

[Event "Olympiad"]
[Site "Baku AZE"]
[Date "2016.09.09"]
[Round "7.3"]
[White "Korobov, Anton"]
[Black "Lesiege, Alexandre"]
[Result "1-0"]
[WhiteElo "2675"]
[BlackElo "2512"]
[WhiteFideId "-1"]
[WhiteFideId "-1"]
[PlyCount "55"]
[GameId "2130307640671498"]
[EventDate "2016.09.02"]
[EventType "team"]
[EventRounds "11"]
[EventCountry "AZE"]
[SourceTitle "Mega2016 Update 50"]
[Source "Chessbase"]
[SourceDate "2016.09.18"]
[SourceVersion "1"]
[SourceVersionDate "2016.09.18"]
[SourceQuality "1"]
[WhiteTeam "Ukraine"]
[BlackTeam "Canada"]
[WhiteTeamCountry "UKR"]
[BlackTeamCountry "CAN"]

1. d4 Nf6 2. c4 e6 3. Nf3 d5 4. Nc3 c5 5. e3 dxc4 6. Bxc4 a6 7. O-O b5 8. Bb3 Bb7 9. e4 cxd4 10. Nxd4 Nc6 11. Nxc6 Qxd1 12. Rxd1 Bxc6 13. f3 Bc5+ 14. Kf1 Ke7 15. e5 Nd7 16. Bg5+ f6 17. exf6+ gxf6 18. Re1 e5 19. Bh4 b4 20. Nd5+ Bxd5 21. Bxd5 Rac8 22. Rad1 Rc7 23. f4 Bd6 24. Rd3 h5 25. Bb3 Rh6 26. Rd5 Rc6 27. fxe5 Nxe5 28. Rdxe5+ 1-0

[Event "Olympiad"]
[Site "Baku AZE"]
[Date "2016.09.10"]
[Round "8.3"]
[White "Lesiege, Alexandre"]
[Black "Nguyen Huynh Minh, Huy"]
[Result "1/2-1/2"]
[WhiteElo "2512"]
[BlackElo "2435"]
[WhiteFideId "-1"]
[WhiteFideId "-1"]
[PlyCount "83"]
[GameId "2130307640684071"]
[EventDate "2016.09.02"]
[EventType "team"]
[EventRounds "11"]
[EventCountry "AZE"]
[SourceTitle "Mega2016 Update 50"]
[Source "Chessbase"]
[SourceDate "2016.09.18"]
[SourceVersion "1"]
[SourceVersionDate "2016.09.18"]
[SourceQuality "1"]
[WhiteTeam "Canada"]
[BlackTeam "Vietnam"]
[WhiteTeamCountry "CAN"]
[BlackTeamCountry "VIE"]

1. d4 d5 2. c4 c6 3. cxd5 cxd5 4. Nc3 Nf6 5. Bf4 Nc6 6. e3 Bf5 7. Qb3 Na5 8. Qa4+ Bd7 9. Qc2 e6 10. Nf3 Nh5 11. Be5 f6 12. Bg3 Nc6 13. a3 Be7 14. Bd3 f5 15. Be5 Nf6 16. h3 Rc8 17. g4 Nxe5 18. Nxe5 Ne4 19. gxf5 exf5 20. Qb3 Bc6 21. Bxe4 fxe4 22. Nxe4 O-O 23. f4 Kh8 24. Nc3 Bh4+ 25. Kd2 g5 26. Ne2 Qe8 27. Rac1 a6 28. Rhf1 Qe6 29. Rf3 gxf4 30. Nxf4 Qg8 31. Qd3 Bb5 32. Rxc8 Rxc8 33. Qf5 Be1+ 34. Kd1 Ba4+ 35. Ke2 Rc2+ 36. Kf1 Bb5+ 37. Ned3 Bh4 38. Qe5+ Qg7 39. Qb8+ Qg8 40. Qe5+ Qg7 41. Qb8+ Qg8 42. Qe5+ 1/2-1/2

[Event "Olympiad"]
[Site "Baku AZE"]
[Date "2016.09.12"]
[Round "10.3"]
[White "Neiksans, Arturs"]
[Black "Lesiege, Alexandre"]
[Result "0-1"]
[WhiteElo "2628"]
[BlackElo "2512"]
[WhiteFideId "-1"]
[WhiteFideId "-1"]
[PlyCount "111"]
[GameId "2130307640713324"]
[EventDate "2016.09.02"]
[EventType "team"]
[EventRounds "11"]
[EventCountry "AZE"]
[SourceTitle "Mega2016 Update 50"]
[Source "Chessbase"]
[SourceDate "2016.09.18"]
[SourceVersion "1"]
[SourceVersionDate "2016.09.18"]
[SourceQuality "1"]
[WhiteTeam "Latvia"]
[BlackTeam "Canada"]
[WhiteTeamCountry "LAT"]
[BlackTeamCountry "CAN"]

1. c4 c5 2. Nf3 Nf6 3. Nc3 d5 4. cxd5 Nxd5 5. e4 Nb4 6. Bb5+ N8c6 7. d4 cxd4 8. a3 dxc3 9. Qxd8+ Kxd8 10. axb4 cxb2 11. Bxb2 e6 12. O-O Bd7 13. Rfd1 Ke8 14. Rd3 a6 15. Rad1 axb5 16. Rxd7 Rd8 17. Rxd8+ Nxd8 18. Bc3 Nc6 19. Ra1 f6 20. Ra8+ Kf7 21. Rc8 Rg8 22. Rc7+ Kg6 23. Nh4+ Kh5 24. g3 Bxb4 25. Bxf6 Bd6 26. Rd7 gxf6 27. Rxd6 b4 28. Nf3 Kg6 29. Rd7 Rg7 30. Rd3 Kf7 31. Kf1 Ke7 32. Nd2 Rg8 33. Nb3 Ra8 34. Ke2 Ra3 35. Nd2 Ne5 36. Rb3 Nc6 37. Rd3 Rc3 38. Nb1 Rc2+ 39. Rd2 b3 40. Kd1 Rc4 41. Rb2 Nd4 42. Kd2 Rc2+ 43. Rxc2 bxc2 44. Na3 Kd6 45. f4 f5 46. exf5 exf5 47. h3 h5 48. Nc4+ Kd5 49. Ne5 Ke4 50. Nd7 Kf3 51. Nf6 b5 52. g4 hxg4 53. hxg4 fxg4 54. f5 g3 55. Nh7 g2 56. Ng5+ 0-1

[Event "Olympiad"]
[Site "Baku AZE"]
[Date "2016.09.13"]
[Round "11.3"]
[White "So, Wesley"]
[Black "Lesiege, Alexandre"]
[Result "1-0"]
[WhiteElo "2782"]
[BlackElo "2512"]
[WhiteFideId "-1"]
[WhiteFideId "-1"]
[PlyCount "71"]
[GameId "2130307640725900"]
[EventDate "2016.09.02"]
[EventType "team"]
[EventRounds "11"]
[EventCountry "AZE"]
[SourceTitle "Mega2016 Update 50"]
[Source "Chessbase"]
[SourceDate "2016.09.18"]
[SourceVersion "1"]
[SourceVersionDate "2016.09.18"]
[SourceQuality "1"]
[WhiteTeam "US of America"]
[BlackTeam "Canada"]
[WhiteTeamCountry "USA"]
[BlackTeamCountry "CAN"]

1. c4 c5 2. Nf3 Nc6 3. Nc3 g6 4. e3 Nf6 5. d4 cxd4 6. exd4 d5 7. Bg5 Be6 8. Bxf6 exf6 9. h3 Bb4 10. c5 O-O 11. Rc1 b6 12. Bb5 Na5 13. a3 Bxc3+ 14. Rxc3 Nc4 15. b4 a5 16. O-O axb4 17. axb4 Qb8 18. Bxc4 dxc4 19. Nd2 bxc5 20. bxc5 Qb4 21. Qf3 Bd5 22. Qxd5 Qxc3 23. Ne4 Qd3 24. Nxf6+ Kh8 25. Nd7 Rfe8 26. Ne5 Qf5 27. Qxc4 Kg7 28. Qc3 Ra2 29. Nd3 Qf6 30. Nb4 Rae2 31. Nd5 Qg5 32. Nc7 R8e3 33. Qc1 h6 34. d5 Qe5 35. fxe3 Qg3 36. Qa1+ 1-0

[Event "Quebec op"]
[Site "Montreal CAN"]
[Date "2016.07.23"]
[Round "1.2"]
[White "Rodrigue-Lemieux, Shawn"]
[Black "Lesiege, Alexandre"]
[Result "0-1"]
[WhiteElo "2003"]
[BlackElo "2497"]
[WhiteFideId "-1"]
[WhiteFideId "-1"]
[PlyCount "54"]
[GameId "2160767908638500"]
[EventDate "2016.07.23"]
[EventType "swiss"]
[EventRounds "8"]
[EventCountry "CAN"]
[SourceTitle "hb 2016"]

1. e4 e5 2. Nf3 Nc6 3. Bc4 Bc5 4. c3 Nf6 5. d3 O-O 6. O-O d6 7. h3 h6 8. Be3 Bxe3 9. fxe3 d5 10. Bb5 dxe4 11. Bxc6 bxc6 12. Nxe5 exd3 13. Qxd3 Qxd3 14. Nxd3 Ba6 15. Rd1 Rad8 16. Nf2 Nd5 17. Re1 Rfe8 18. e4 Nf4 19. a4 Re6 20. b3 Rg6 21. g4 h5 22. Ra2 Nd3 23. Rd1 Rdd6 24. Rad2 Ne5 25. Rxd6 cxd6 26. Kh2 Be2 27. gxh5 Rf6 0-1

[Event "Quebec op"]
[Site "Montreal CAN"]
[Date "2016.07.24"]
[Round "2.2"]
[White "Lesiege, Alexandre"]
[Black "Trahan, Daniel"]
[Result "1-0"]
[WhiteElo "2497"]
[BlackElo "1962"]
[WhiteFideId "-1"]
[WhiteFideId "-1"]
[PlyCount "69"]
[GameId "2160767908638532"]
[EventDate "2016.07.23"]
[EventType "swiss"]
[EventRounds "8"]
[EventCountry "CAN"]

1. Nf3 Nf6 2. c4 c5 3. g3 Nc6 4. d4 cxd4 5. Nxd4 Qb6 6. Nb3 Ne5 7. c5 Qc6 8. Rg1 d5 9. cxd6 exd6 10. Bg2 Qa6 11. Nc3 Be7 12. h3 O-O 13. g4 Re8 14. g5 Nfd7 15. f4 Nc4 16. Qd3 Rb8 17. Kf2 Bd8 18. Nd5 b5 19. Rd1 Bb7 20. e4 Rc8 21. Kg3 Nc5 22. Nxc5 Rxc5 23. b3 Bxd5 24. exd5 Nb6 25. Bb2 Rc7 26. Re1 Rxe1 27. Rxe1 Re7 28. Qd4 f6 29. Rxe7 Bxe7 30. Qe4 Qb7 31. Qe6+ Kf8 32. gxf6 gxf6 33. Be4 Qd7 34. Bxh7 Qxe6 35. dxe6 1-0

[Event "Quebec op"]
[Site "Montreal CAN"]
[Date "2016.07.24"]
[Round "3.2"]
[White "Caire, Francois"]
[Black "Lesiege, Alexandre"]
[Result "0-1"]
[WhiteElo "2161"]
[BlackElo "2497"]
[WhiteFideId "-1"]
[WhiteFideId "-1"]
[PlyCount "64"]
[GameId "2160767908638559"]
[EventDate "2016.07.23"]
[EventType "swiss"]
[EventRounds "8"]
[EventCountry "CAN"]

1. d4 Nf6 2. c4 e6 3. Nf3 d5 4. g3 Be7 5. Bg2 O-O 6. O-O c6 7. Qc2 b6 8. Rd1 Nbd7 9. b3 h6 10. Bb2 Bb7 11. Nc3 Qc7 12. e4 dxe4 13. Nxe4 Nxe4 14. Qxe4 c5 15. Qe2 cxd4 16. Bxd4 Rfd8 17. Qb2 Bf6 18. Bxf6 Nxf6 19. Qe2 Ne4 20. Qe3 a6 21. Nd4 Nc5 22. b4 Bxg2 23. Kxg2 Nd7 24. Rac1 Rac8 25. Rd2 Ne5 26. c5 bxc5 27. bxc5 Rd5 28. Nb3 Qc6 29. Rxd5 Qxd5+ 30. f3 Kf8 31. Rc2 Ke7 32. Rd2 Nc4 0-1

[Event "Quebec op"]
[Site "Montreal CAN"]
[Date "2016.07.25"]
[Round "4.2"]
[White "Lesiege, Alexandre"]
[Black "Barbeau, Sylvain"]
[Result "1-0"]
[WhiteElo "2494"]
[BlackElo "2313"]
[WhiteFideId "-1"]
[WhiteFideId "-1"]
[PlyCount "67"]
[GameId "2160767739316873"]
[EventDate "2016.07.23"]
[EventType "swiss"]
[EventRounds "8"]
[EventCountry "CAN"]
[WhiteClock "0:01:58"]
[BlackClock "0:00:57"]

1. Nf3 Nf6 2. d4 e6 3. g3 d5 4. Bg2 Be7 5. c4 O-O 6. Qc2 dxc4 7. Qxc4 a6 8. Bf4 Nd5 9. O-O b5 10. Qc2 Bb7 11. Rc1 Nc6 12. Bd2 Rc8 13. a3 Ba8 14. e3 g6 15. Be1 Nb8 16. b4 Nd7 17. Qe2 N5b6 18. Nbd2 Re8 19. Nb3 Nc4 20. e4 e5 21. dxe5 Bf8 22. Rd1 Qe7 23. Bh3 Rcd8 24. e6 fxe6 25. Nbd4 Qf6 26. a4 Nde5 27. axb5 axb5 28. Bc3 Nxf3+ 29. Qxf3 Qxf3 30. Nxf3 Rxd1+ 31. Rxd1 Bxe4 32. Rd8 Re7 33. Ng5 e5 34. Nxe4 1-0

[Event "Quebec op"]
[Site "Montreal CAN"]
[Date "2016.07.26"]
[Round "5.1"]
[White "Sambuev, Bator"]
[Black "Lesiege, Alexandre"]
[Result "0-1"]
[WhiteElo "2536"]
[BlackElo "2497"]
[WhiteFideId "-1"]
[WhiteFideId "-1"]
[PlyCount "80"]
[GameId "2160767908646800"]
[EventDate "2016.07.23"]
[EventType "swiss"]
[EventRounds "8"]
[EventCountry "CAN"]

1. e4 e5 2. Nf3 Nc6 3. Bc4 Bc5 4. c3 Nf6 5. d3 O-O 6. Bg5 h6 7. Bh4 Be7 8. Nbd2 d6 9. Bb3 Kh8 10. Qe2 a5 11. a4 Qe8 12. Bxf6 Bxf6 13. Rg1 Nd8 14. Nf1 b5 15. Ne3 Ne6 16. Bxe6 Bxe6 17. g4 g6 18. g5 Bg7 19. gxh6 Bxh6 20. h4 bxa4 21. h5 g5 22. Nh2 f6 23. Nhf1 Qb5 24. f3 Rab8 25. Rg2 Rb7 26. Ng3 Rfb8 27. Ngf5 Bf8 28. Qd1 Bb3 29. Qc1 Qxd3 30. Rd2 Qa6 31. c4 Rb4 32. Rg2 Bxc4 33. Ng4 d5 34. Nxe5 fxe5 35. Qxg5 dxe4 36. Rd1 Qe6 37. Ng7 Qb6 38. Nf5 Rb3 39. Rd8 Rxd8 40. Qxd8 Re3+ 0-1

[Event "Quebec op"]
[Site "Montreal CAN"]
[Date "2016.07.27"]
[Round "6.1"]
[White "Lesiege, Alexandre"]
[Black "Roussel-Roozmon, Thomas"]
[Result "1-0"]
[WhiteElo "2494"]
[BlackElo "2454"]
[WhiteFideId "-1"]
[WhiteFideId "-1"]
[PlyCount "55"]
[GameId "2160767908646823"]
[EventDate "2016.07.23"]
[EventType "swiss"]
[EventRounds "8"]
[EventCountry "CAN"]

1. d4 Nf6 2. c4 e6 3. Nc3 Bb4 4. g3 c5 5. Nf3 cxd4 6. Nxd4 O-O 7. Bg2 d5 8. cxd5 Nxd5 9. Qb3 Nc6 10. Nxc6 bxc6 11. O-O Qa5 12. Bd2 Bxc3 13. bxc3 Ba6 14. Rfd1 Qc5 15. e4 Bc4 16. Qa4 Nb6 17. Qb4 Qh5 18. Be3 Be2 19. Rd2 Nc4 20. g4 Qxg4 21. f3 Bxf3 22. Qxc4 Rad8 23. Rf2 Bxg2 24. Rxg2 Rd1+ 25. Rxd1 Qxd1+ 26. Qf1 Qh5 27. Qe2 Qh4 28. Bg5 1-0

[Event "Quebec op"]
[Site "Montreal CAN"]
[Date "2016.07.28"]
[Round "7.1"]
[White "Hirschberg, Valerian"]
[Black "Lesiege, Alexandre"]
[Result "0-1"]
[WhiteElo "2329"]
[BlackElo "2494"]
[WhiteFideId "-1"]
[WhiteFideId "-1"]
[PlyCount "74"]
[GameId "2160767739316876"]
[EventDate "2016.07.23"]
[EventType "swiss"]
[EventRounds "8"]
[EventCountry "CAN"]
[WhiteClock "0:00:48"]
[BlackClock "0:02:07"]

1. Nf3 Nf6 2. c4 c5 3. g3 d5 4. cxd5 Nxd5 5. Bg2 Nc6 6. Nc3 Nc7 7. O-O e5 8. a3 Rb8 9. Rb1 f6 10. d3 Be7 11. Nd2 Bd7 12. f4 exf4 13. gxf4 O-O 14. f5 Kh8 15. a4 a6 16. e4 Be8 17. Nc4 b5 18. axb5 axb5 19. Ne3 Nb4 20. Ned5 Ncxd5 21. exd5 Bf7 22. Re1 c4 23. dxc4 bxc4 24. Be3 Nd3 25. Rf1 Bb4 26. Qg4 Re8 27. Bd4 Qe7 28. Qf3 Rbd8 29. Ra1 Bc5 30. Bxc5 Qxc5+ 31. Kh1 Re3 32. Qg4 Nxb2 33. Ne4 Qd4 34. d6 Nd3 35. Qd1 Rxe4 36. Bxe4 Qxe4+ 37. Kg1 Bd5 0-1

[Event "Quebec op"]
[Site "Montreal CAN"]
[Date "2016.07.29"]
[Round "8.1"]
[White "Lesiege, Alexandre"]
[Black "Bolduc, Steve"]
[Result "1/2-1/2"]
[WhiteElo "2494"]
[BlackElo "2194"]
[WhiteFideId "-1"]
[WhiteFideId "-1"]
[PlyCount "53"]
[GameId "2160767739316878"]
[EventDate "2016.07.23"]
[EventType "swiss"]
[EventRounds "8"]
[EventCountry "CAN"]
[WhiteClock "0:10:12"]
[BlackClock "0:52:55"]

1. d4 d5 2. c4 e6 3. Nf3 c5 4. cxd5 exd5 5. g3 Nc6 6. Bg2 Nf6 7. O-O Be7 8. Nc3 O-O 9. dxc5 Bxc5 10. Na4 Be7 11. Be3 Bg4 12. Rc1 Re8 13. Nc5 Qb6 14. Nb3 Qa6 15. a3 Rad8 16. Qd3 Qxd3 17. exd3 Bd6 18. Nc5 Bc8 19. b4 h6 20. Nb3 Ng4 21. Bc5 Bb8 22. d4 Ne7 23. b5 b6 24. Bxe7 Rxe7 25. h3 Nf6 26. Ne5 Bb7 27. Nc6 1/2-1/2